[Event "Dhaka IRT U2000"]
[Site "Dhaka"]
[Date "2018.02.19"]
[Round "6"]
[White "Islam, Kazi Taherul"]
[Black "Karim, Md Rezaul"]
[Result "0-1"]
[WhiteElo "1978"]
[BlackElo "1805"]
[PlyCount "64"]
[EventDate "2018.02.14"]
[EventType "swiss"]
[EventRounds "9"]
[EventCountry "BAN"]
[SourceTitle "EXT 2024"]
[Source "ChessBase"]
[SourceDate "2023.10.10"]
[SourceVersion "1"]
[SourceVersionDate "2023.10.10"]
[SourceQuality "1"]

1. Nf3 Nf6 2. d4 g6 3. c4 Bg7 4. Nc3 d6 5. b4 a5 6. b5 c5 7. e3 0-0 8. Bb2 b6 9. Qc2 Bb7 10. Be2 Nbd7 11. 0-0 Qc7 12. d5 h6 13. h3 Rfe8 14. Bd3 Nf8 15. e4 N6d7 16. Rae1 e6 17. Re2 e5 18. Nh4 Qd8 19. g3 Nf6 20. Kh2 Bc8 21. Nf3 N6h7 22. Bc1 g5 23. Ng1 Nd7 24. Nd1 Nhf8 25. Ne3 Ng6 26. Nf5 Bf8 27. Nf3 Nf6 28. Kg2 Nh5 29. Kh2 Kh7 30. Ng1 Ra7 31. Qd1 Nf6 32. Ree1 Ng8 0-1

[Event "BAN Marcel 1st Div"]
[Site "Dhaka"]
[Date "2018.01.07"]
[Round "9.1"]
[White "Karim, Md Rezaul"]
[Black "Aronyak, Ghosh"]
[Result "0-1"]
[WhiteElo "1816"]
[BlackElo "2293"]
[PlyCount "74"]
[EventDate "2017.12.30"]
[EventType "team-tourn"]
[EventRounds "9"]
[EventCountry "BAN"]
[SourceTitle "CBM 182 Extra"]
[Source "ChessBase"]
[SourceDate "2018.02.23"]
[SourceVersion "1"]
[SourceVersionDate "2018.02.23"]
[SourceQuality "1"]
[WhiteTeam "Basir Memorial CC"]
[BlackTeam "Sonargaon CC"]
[WhiteTeamCountry "BAN"]
[BlackTeamCountry "BAN"]

1. e4 Nf6 2. d3 g6 3. Nf3 Bg7 4. Nbd2 c5 5. g3 Nc6 6. Bg2 0-0 7. 0-0 d5 8. c3 e5 9. Qc2 h6 10. Re1 d4 11. c4 Be6 12. a3 Nd7 13. Nh4 Rb8 14. b3 Kh7 15. Qd1 Bf6 16. Nhf3 a6 17. Nf1 b5 18. Ra2 a5 19. h3 a4 20. bxa4 bxc4 21. Qd2 Bg7 22. dxc4 Bxc4 23. Rc2 Bb3 24. Nxe5 Ncxe5 25. f4 Nc4 26. Rxc4 Bxc4 27. e5 Be6 28. g4 Qh4 29. Nh2 Rb3 30. Nf3 Qg3 31. Rf1 Bd5 32. Qe2 Bxf3 33. Rxf3 Rxf3 34. Qxf3 Qxf3 35. Bxf3 Rb8 36. Bc6 Rb1 37. Bxd7 Rxc1+ 0-1